000 00445nam a2200157Ia 4500
999 _c5806
_d5806
003 OSt
005 20200109144309.0
008 190216s9999||||xx |||||||||||||| ||und||
040 _coclc
082 _a658.408
_bVAS/S
100 _aSankaran, S
_9495
245 0 _aBusiness And Society /
_cS Sankaran
260 _bMargham Publications,
_c1996.
_aMadras:
300 _a258p
942 _cBK
_2ddc
_h658.408
_iVAS/S
_k658.408
_mVAS/S